| 000 | 00756nam a2200265Ia 4500 | ||
|---|---|---|---|
| 003 | OSt | ||
| 005 | 20220918223856.0 | ||
| 006 | a|||||r|||| 00| 0 | ||
| 007 | ta | ||
| 008 | 220917b |||||||| |||| 00| 0 eng d | ||
| 024 | _a225,470 | ||
| 037 | _cTextual | ||
| 040 |
_aARTS _cARTS _beng |
||
| 041 |
_2eng _aeng |
||
| 082 | _aR85xG25:g, N9(RD) | ||
| 100 |
_aKretzmann Norman Ed. _918021 |
||
| 245 | 0 | _aCambridge companion to Aquinas | |
| 260 |
_aUK _bCambridge University Press _c1999 |
||
| 300 |
_aviii, 302p. _ccm. |
||
| 500 | _aRep. of 1993 | ||
| 650 | _aPHILOSOPHY | ||
| 700 |
_a Stump Eleonore Ed. _918022 |
||
| 942 |
_hR85xG25:g, N9(RD) _cTEXL _2CC |
||
| 999 |
_c279642 _d279642 |
||